000
00221nam a2200097Ia 4500
008
240331s9999 xx 000 0 und d
082
_b
THE
100
_a
Thenuka,
245
0
_a
Vithyasankar sthapathiyin sitpamoli
942
_c
L
999
_c
3712
_d
3712